|
|
|
|
| LEADER |
01994cam a2200445 7i4500 |
| 001 |
0000025384 |
| 005 |
20200602090000.0 |
| 008 |
090315 eng |
| 020 |
|
|
|a 0340763906 (hbk.)
|
| 020 |
|
|
|a 9780340763902
|
| 090 |
0 |
0 |
|a RC78.4
|b .C56 2005
|
| 245 |
0 |
0 |
|a Clark's positioning in radiography
|c A. Stewart Whitley ... [et al.].
|
| 250 |
|
|
|a 12th ed.
|
| 260 |
|
|
|a London:
|b Hodder Arnold,
|c 2005.
|
| 300 |
|
|
|a xiv, 517 p.:
|b ill.;
|c 28 cm.
|
| 504 |
|
|
|a Includes bibliographical references and index
|
| 650 |
0 |
0 |
|a Radiography, Medical --
|x Positioning
|
| 650 |
0 |
0 |
|a Technology, Radiologic
|
| 700 |
1 |
|
|a Whitley, A. Stewart
|
| 997 |
|
|
|a Health Sciences, Faculty
|
| 999 |
|
|
|a 0000025108
|b BOK
|c OPEN SHELF
|e 1st Floor, Shah Alam
|
| 999 |
|
|
|a 0000025313
|b BOK
|c OPEN SHELF
|e 1st Floor, Shah Alam
|
| 999 |
|
|
|a 0000036629
|b BOK
|c OPEN SHELF
|e 1st Floor, Shah Alam
|
| 999 |
|
|
|a 0000036630
|b BOK
|c OPEN SHELF
|e 1st Floor, Shah Alam
|
| 999 |
|
|
|a 0000036631
|b BOK
|c OPEN SHELF
|e 1st Floor, Shah Alam
|
| 999 |
|
|
|a 0000036632
|b BOK
|c OPEN SHELF
|e 1st Floor, Shah Alam
|
| 999 |
|
|
|a 0000036633
|b BOK
|c OPEN SHELF
|e 1st Floor, Shah Alam
|
| 999 |
|
|
|a 0000065196
|b BOK
|c OPEN SHELF
|e 1st Floor, Shah Alam
|
| 999 |
|
|
|a 0000070259
|b BOK
|c OPEN SHELF
|e 1st Floor, Shah Alam
|
| 999 |
|
|
|a 0000070260
|b BOK
|c OPEN SHELF
|e 1st Floor, Shah Alam
|
| 999 |
|
|
|a 0000070261
|b BOK
|c OPEN SHELF
|e 1st Floor, Shah Alam
|
| 999 |
|
|
|a 0000070262
|b BOK
|c OPEN SHELF
|e 1st Floor, Shah Alam
|
| 999 |
|
|
|a 0000070263
|b BOK
|c OPEN SHELF
|e 1st Floor, Shah Alam
|
| 999 |
|
|
|a 0000070264
|b BOK
|c OPEN SHELF
|e 1st Floor, Shah Alam
|
| 999 |
|
|
|a 0000070265
|b BOK
|c OPEN SHELF
|e 1st Floor, Shah Alam
|
| 999 |
|
|
|a 0000070266
|b BOK
|c OPEN SHELF
|e 1st Floor, Shah Alam
|
| 999 |
|
|
|a 0000070267
|b BOK
|c OPEN SHELF
|e 1st Floor, Shah Alam
|
| 999 |
|
|
|a 0000070268
|b BOK
|c OPEN SHELF
|e 1st Floor, Shah Alam
|
| 999 |
|
|
|a 0000070269
|b BOK
|c OPEN SHELF
|e 1st Floor, Shah Alam
|
| 999 |
|
|
|a 0000070270
|b BOK
|c OPEN SHELF
|e 1st Floor, Shah Alam
|